000 00676nam a2200181 i 4500
001 58994
003 ES-MaACL
005 20230906163934.0
007 t|
008 031027s1945 sp f |||| | spa d
100 1 _aEddington, Arthur Stanley
_cSir.
_946616
245 1 0 _aNuevos senderos de la ciencia
_b: (conferencias Messenger 1943) /
_cpor Arturo Eddington ; prólogo, traducción y notas de adaptación 1945 de Miguel Masriera.
260 _aBarcelona :
_bMontaner y Simón,
_c1945.
300 _aLXXIX, 346 p., 16 lám. :
_b1 retr. aut. ;
_c20 cm.
650 _aCiencia-
_xFilosofía.
_910950
700 1 _aMasriera y Rubio, Miguel.
_978778
852 _aES-MaACL
_jB-10057
999 _c58994
_d58994